|
|
|
|
| LEADER |
00000nam0a2200000 4500 |
| 001 |
186982 |
| 005 |
20231101224029.0 |
| 035 |
|
|
|a (RuTPU)RU\TPU\book\202888
|
| 090 |
|
|
|a 186982
|
| 100 |
|
|
|a 20101108d1961 m y0rusy50 ca
|
| 101 |
1 |
|
|a rus
|c ger
|
| 102 |
|
|
|a RU
|
| 105 |
|
|
|a a z 001zy
|
| 200 |
1 |
|
|a Рост и форма кристаллов
|e пер. с нем.
|f Б. Хонигман
|
| 210 |
|
|
|a Москва
|c Изд-во иностранной лит-ры
|d 1961
|
| 215 |
|
|
|a 210с.
|c ил.
|
| 320 |
|
|
|a Библиогр.: с. 187-208.
|
| 320 |
|
|
|a Указатель веществ: с. 209-210.
|
| 606 |
1 |
|
|a Кристаллы
|x Рост
|2 stltpush
|3 (RuTPU)RU\TPU\subj\16370
|9 42452
|
| 610 |
1 |
|
|a выращивание
|
| 610 |
1 |
|
|a формы
|
| 610 |
1 |
|
|a кристаллические грани
|
| 610 |
1 |
|
|a оптические исследования
|
| 610 |
1 |
|
|a формы
|
| 610 |
1 |
|
|a метод Гиббса-Вульфа
|
| 610 |
1 |
|
|a кристаллофизика
|
| 610 |
1 |
|
|a кристаллохимия
|
| 610 |
1 |
|
|a кристаллическая структура
|
| 675 |
|
|
|a 548.52
|v 3
|
| 700 |
|
1 |
|a Хонигман
|b Б.
|
| 801 |
|
1 |
|a RU
|b 63413507
|c 20101108
|
| 801 |
|
2 |
|a RU
|b 63413507
|c 20210601
|g RCR
|
| 942 |
|
|
|c BK
|